|
|
|
|
| LEADER |
00000nam0a2200000 4500 |
| 001 |
255714 |
| 005 |
20231101233041.0 |
| 035 |
|
|
|a (RuTPU)RU\TPU\book\278237
|
| 035 |
|
|
|a RU\TPU\book\55431
|
| 090 |
|
|
|a 255714
|
| 100 |
|
|
|a 20140331d1968 m y0rusy50 ca
|
| 101 |
0 |
|
|a rus
|
| 102 |
|
|
|a RU
|
| 105 |
|
|
|a a j 001zy
|
| 200 |
1 |
|
|a Основы математического анализа. Т. 2
|e [учебник]
|f Г. М. Фихтенгольц
|
| 205 |
|
|
|a 5-е изд., стер.
|
| 210 |
|
|
|a Москва
|c Наука
|d 1968
|
| 215 |
|
|
|a 463 с.
|c черт.
|
| 320 |
|
|
|a Алф. указ.: с. 456-463.
|
| 606 |
1 |
|
|a Математический анализ
|2 stltpush
|3 (RuTPU)RU\TPU\subj\41236
|9 61042
|
| 610 |
1 |
|
|a математика
|
| 610 |
1 |
|
|a учебники
|
| 610 |
1 |
|
|a числовые ряды
|
| 610 |
1 |
|
|a функциональные последовательности
|
| 610 |
1 |
|
|a несобственные интегралы
|
| 610 |
1 |
|
|a функциональные определители
|
| 610 |
1 |
|
|a интегралы
|
| 610 |
1 |
|
|a бесконечные произведения
|
| 610 |
1 |
|
|a ряд Тейлора
|
| 610 |
1 |
|
|a ряды Фурье
|
| 675 |
|
|
|a 517(075.8)
|v 3
|
| 700 |
|
1 |
|a Фихтенгольц
|b Г. М.
|g Григорий Михайлович
|
| 801 |
|
0 |
|a RU
|b 63413507
|c 20011209
|g PSBO
|
| 801 |
|
2 |
|a RU
|b 63413507
|c 20140929
|g PSBO
|
| 900 |
|
|
|a Математический анализ
|
| 942 |
|
|
|c BK
|